| 000 | 06559cam a22018854i 4500 | ||
|---|---|---|---|
| 003 | PE-LiUPU | ||
| 005 | 20250813165822.0 | ||
| 008 | 150706s2010 pe a r 000 0 spa d | ||
| 020 | _a6124011298 | ||
| 020 | _a9786124011290 | ||
| 035 | _a(Sirsi) i9786124011290 | ||
| 040 |
_aPE-LiUPU _bspa _cPE-LiUPU _dPE-LiUPU _erda |
||
| 049 | _aPRUA | ||
| 082 | 0 | 4 |
_a616.6 _bA58 _221 |
| 082 | 0 | 4 |
_a610.6 _bA61 T2 |
| 100 | 1 |
_aAngulo Ramírez, Ricardo, _eautor. |
|
| 245 | 1 | 0 |
_aCiencia y mística en la medicina 2 : _btestimonio de ética hipocrática / _cRicardo Angulo Ramírez. |
| 264 | 1 |
_aLima : _bAsamblea Nacional de Rectores, _c2010. |
|
| 300 |
_a367 páginas : _bilustraciones ; _c24 centímetros |
||
| 336 |
_atext _2rdacontent |
||
| 337 |
_aunmediated _2rdamedia |
||
| 338 |
_avolume _2rdacarrier |
||
| 505 | 0 | _aTesis de Doctor en Medicina "Rupturas de la Uretra en el hombre", Universidad Nacional de San Marcos, 1953 -- Trabajos científicos con colaboradores, reunidos de revistas de Medicina nacionales y extranjeras entre 1949 y 1979 -- Orquitis necrotizante siguiendo el tratamiento penicilínico en un paciente con gonorrea, 1049 -- Cistectomía total como tratamiento del cáncer de la vejiga, 1950 -- Lesiones iatrogénicas en Urología.1965 -- Policitemia y tumor renal, 1965 -- Eritrocitos e hipernefroma con metástasis pancreática a propósito de un caso operado en el Centro Médico Naval, 1965 -- Granuloma espermático: una contribución al diagnóstico diferencial con la epididimitis tuberculosa. 1966 - Reflujo vésico-ureteral en el adulto, 1967 -- Un caso de torsión de cordón extra vaginal en testículo ectópico, 1968 -- Contribución al Tratamiento quirúrgico del varicocele, 1969 -- Coágulos urinarios mucoproteicos, 1971 -- Complicaciones urológicas en los trasplantes renales del Centro Médico Naval. 1972 -- Obstrucciones uretral secundaria a cáncer uterino, 1974 -- Nefrectomía parcial en riñón único litiásico, 1975Bilateral seminoma: 34 year after archiopexy, 1977 -- Semínima bilateral: 34 años después de orquidopexia) -- Neoplasia en riñón en herradura,1978 -- Inculcación congénita del pene sin hipostasias, 1979 -- Nefrectomía parcial a propósito de 5 casos clínicos -- Discursos reunidos en Congreso, homenajes y eventos entre 1962 y 1985. | |
| 526 | _aP203 | ||
| 526 | _aP200 | ||
| 526 | _aSEG65 | ||
| 526 | _aSEG64 | ||
| 526 | _aSEG63 | ||
| 526 | _aSEG62 | ||
| 526 | _aSEG61 | ||
| 526 | _aSEG60 | ||
| 526 | _aSEG59 | ||
| 526 | _aSEG58 | ||
| 526 | _aSEG57 | ||
| 526 | _aSEG56 | ||
| 526 | _aSEG55 | ||
| 526 | _aSEG54 | ||
| 526 | _aSEG53 | ||
| 526 | _aSEG52 | ||
| 526 | _aSEG51 | ||
| 526 | _aSEG50 | ||
| 526 | _aSEG49 | ||
| 526 | _aSEG48 | ||
| 526 | _aSEG47 | ||
| 526 | _aSEG46 | ||
| 526 | _aSEG24 | ||
| 526 | _aSEG23 | ||
| 526 | _aSEG22 | ||
| 526 | _aSEG21 | ||
| 526 | _aSEG20 | ||
| 526 | _aSEG19 | ||
| 526 | _aSEG18 | ||
| 526 | _aSEG17 | ||
| 526 | _aSEG16 | ||
| 526 | _aSEG14 | ||
| 526 | _aSEG13 | ||
| 526 | _aSEG12 | ||
| 526 | _aSEG11 | ||
| 526 | _aSEG10 | ||
| 526 | _aSEG09 | ||
| 526 | _aSEG06 | ||
| 526 | _aSEG05 | ||
| 526 | _aSEG04 | ||
| 526 | _aSEG03 | ||
| 526 | _aSEG02 | ||
| 526 | _aSEG68 | ||
| 526 | _aSEG66 | ||
| 526 | _aSEG45 | ||
| 526 | _aSEG25 | ||
| 526 | _aSEG01 | ||
| 526 | _aP163 | ||
| 526 | _aP162 | ||
| 526 | _aP161 | ||
| 526 | _aP160 | ||
| 526 | _aP159 | ||
| 526 | _aP158 | ||
| 526 | _aP157 | ||
| 526 | _aP156 | ||
| 526 | _aP155 | ||
| 526 | _aP154 | ||
| 526 | _aP153 | ||
| 526 | _aP152 | ||
| 526 | _aP151 | ||
| 526 | _aP150 | ||
| 526 | _aP149 | ||
| 526 | _aP142 | ||
| 526 | _aP141 | ||
| 526 | _aP140 | ||
| 526 | _aP139 | ||
| 526 | _aP138 | ||
| 526 | _aP137 | ||
| 526 | _aP132 | ||
| 526 | _aP131 | ||
| 526 | _aP130 | ||
| 526 | _aP126 | ||
| 526 | _aP125 | ||
| 526 | _aP124 | ||
| 526 | _aP123 | ||
| 526 | _aP115 | ||
| 526 | _aP122 | ||
| 526 | _aP121 | ||
| 526 | _aP116 | ||
| 526 | _a P114 | ||
| 526 | _aP112 | ||
| 526 | _aP111 | ||
| 526 | _aP104 | ||
| 526 | _aP103 | ||
| 526 | _aP102 | ||
| 526 | _aP101 | ||
| 526 | _aP100 | ||
| 526 | _aP96 | ||
| 526 | _aP95 | ||
| 526 | _aP93 | ||
| 526 | _aP92 | ||
| 526 | _aP91 | ||
| 526 | _aP88 | ||
| 526 | _aP83 | ||
| 526 | _aP82 | ||
| 526 | _aP79 | ||
| 526 | _aP78 | ||
| 526 | _aP75 | ||
| 526 | _aP74 | ||
| 526 | _aP71 | ||
| 526 | _aP69 | ||
| 526 | _a P51 | ||
| 526 | _aP49 | ||
| 526 | _aP48 | ||
| 526 | _aP47 | ||
| 526 | _aP33 | ||
| 526 | _aP31 | ||
| 526 | _a P30 | ||
| 526 | _aP29 | ||
| 526 | _aP27 | ||
| 526 | _aP26 | ||
| 526 | _aP25 | ||
| 526 | _aP24 | ||
| 526 | _a P22 | ||
| 526 | _aP10 | ||
| 526 | _aP09 | ||
| 526 | _a P08 | ||
| 526 | _aP06 | ||
| 526 | _aP05 | ||
| 526 | _aP04 | ||
| 526 | _aP01 | ||
| 650 | 0 | 4 |
_aUrología _vTesis y disertaciones académicas. |
| 910 |
_bjv _cng _d20110404 |
||
| 942 |
_2ddc _cBOOK |
||
| 949 |
_a610.6 A61 T2 _wDEWEY _c1 _iFJ06117 _lCCODEBUJ1 _mBUJ _p16.00 _r0 _sY _tBOOK _u2015-9-10 _xSALUD _PP22 _0COMPRA _o.STAFF. Colección General Juliaca |
||
| 949 |
_a610.6 A61 T2 _wDEWEY _c1 _iFJ06118 _lCCODEBUJ1 _mBUJ _p16.00 _r0 _sY _tBOOK _u2015-9-14 _xSALUD _PP22 _0COMPRA _o.STAFF. Colección General Juliaca |
||
| 949 |
_a616.6 A58 2 _wDEWEY _c1 _i62702 _lCCODEBUL1 _mBUL _p16.00 _r0 _sY _tBOOK _u2015-7-6 _xSALUD _zUNKNOWN _0COMPRA _o.STAFF. Colección Ciencias de la Salud |
||
| 949 |
_a616.6 A58 2 _wDEWEY _c2 _i62701 _lCCODEBUL1 _mBUL _p16.00 _r0 _sY _tBOOK _u2015-7-6 _xSALUD _zUNKNOWN _0COMPRA _o.STAFF. Colección Ciencias de la Salud |
||
| 994 |
_aC0 _bPEPRU |
||
| 596 | _a1 3 | ||
| 999 |
_a616.6 A58 2 _wDEWEY _c51792 _i62702 _f2021-11-25 _g5 _lCCODEBUL1 _mBUL _p16.00 _r0 _sY _tBOOK _u2015-7-6 _xSALUD _zUNKNOWN _0DONACION _o.STAFF. Colección Ciencias de la Salud _d51792 |
||
| 999 |
_a616.6 A58 2 _wDEWEY _c2 _i62701 _f2021-11-4 _g5 _lCCODEBUL1 _mBUL _p16.00 _r0 _sY _tBOOK _u2015-7-6 _xSALUD _zUNKNOWN _0DONACION _o.STAFF. Colección Ciencias de la Salud |
||
| 999 |
_a610.6 A61 T2 _wDEWEY _c1 _iFJ06117 _e2017-3-28 _f2022-1-25 _g3 _lCCODEBUJ1 _mBUJ _n1 _p16.00 _r0 _sY _tBOOK _u2015-9-10 _xSALUD _PP22 _0COMPRA _o.STAFF. Colección General Juliaca |
||
| 999 |
_a610.6 A61 T2 _wDEWEY _c2 _iFJ06118 _d2017-10-17 _f2022-1-25 _g3 _lCCODEBUJ1 _mBUJ _p16.00 _q1 _r0 _sY _tBOOK _u2017-1-26 _xSALUD _PP22 _0COMPRA _o.STAFF. Colección General Juliaca |
||
| 980 |
_81 _gALBERTO SANCHEZ Responsable de Automatización |
||